| 000 -LEADER |
| fixed length control field |
02255cam a22003614a 4500 |
| 001 - CONTROL NUMBER |
| control field |
17191974 |
| 005 - DATE AND TIME OF LATEST TRANSACTION |
| control field |
20170105102919.0 |
| 008 - FIXED-LENGTH DATA ELEMENTS--GENERAL INFORMATION |
| fixed length control field |
120302s2013 enk b 001 0 eng |
| 010 ## - LIBRARY OF CONGRESS CONTROL NUMBER |
| LC control number |
2012007178 |
| 020 ## - INTERNATIONAL STANDARD BOOK NUMBER |
| International Standard Book Number |
9780415665490 (hbk.) |
| 040 ## - CATALOGING SOURCE |
| Original cataloging agency |
DLC |
| Transcribing agency |
DLC |
| Modifying agency |
DLC |
| 042 ## - AUTHENTICATION CODE |
| Authentication code |
pcc |
| 050 00 - LIBRARY OF CONGRESS CALL NUMBER |
| Classification number |
JV6342 |
| Item number |
.M53 2013 |
| 082 00 - DEWEY DECIMAL CLASSIFICATION NUMBER |
| Classification number |
305.9/06912 |
| Edition number |
23 |
| 245 00 - TITLE STATEMENT |
| Title |
Migration and insecurity : |
| Remainder of title |
citizenship and social inclusion in a transnational era / |
| Statement of responsibility, etc. |
edited by Niklaus Steiner, Robert Mason and Anna Hayes. |
| 260 ## - PUBLICATION, DISTRIBUTION, ETC. |
| Place of publication, distribution, etc. |
London ; |
| -- |
New York : |
| Name of publisher, distributor, etc. |
Routledge, |
| Date of publication, distribution, etc. |
2013. |
| 300 ## - PHYSICAL DESCRIPTION |
| Extent |
xi, 192 p. ; |
| Dimensions |
24 cm. |
| 490 0# - SERIES STATEMENT |
| Series statement |
Routledge research on the global politics of migration ; |
| Volume/sequential designation |
3 |
| 504 ## - BIBLIOGRAPHY, ETC. NOTE |
| Bibliography, etc. note |
Includes bibliographical references and index. |
| 505 0# - FORMATTED CONTENTS NOTE |
| Formatted contents note |
Introduction -- A comparison of asylum-seekers in Europe and illegal immigrants in the United States / Niklaus Steiner -- Legacies of war and migration: memories of war trauma, dislocation and second generation Greek-Australians / Joy Damousi -- Dwelling with strangers: museums and migration / Kay Ferres -- Negotiating migration, sentiment and insecurity: encounters with sadness and shame in Australia / Sara Wills -- Would-be citizens and strong states: circles of security and insecurity / Paul James and Anne McNevin -- Negotiating integration: refugees and asylum seekers in Australia and the UK / Susanne Schech and Sophia Rainbird -- Transnational practices, active citizenship and Muslim migrant integration in the West / Fethi Mansouri -- Equal valued status: belonging, identity and place / Hurriyet Babacan and Alperhan Babacan -- Citizens of no-where: refugees, integration criteria and social inclusion / Eileen Pittaway. |
| 650 #0 - SUBJECT ADDED ENTRY--TOPICAL TERM |
| Topical term or geographic name entry element |
Emigration and immigration |
| General subdivision |
Social aspects. |
| 650 #0 - SUBJECT ADDED ENTRY--TOPICAL TERM |
| Topical term or geographic name entry element |
Social integration. |
| 650 #0 - SUBJECT ADDED ENTRY--TOPICAL TERM |
| Topical term or geographic name entry element |
Immigrants |
| General subdivision |
Cultural assimilation. |
| 650 #0 - SUBJECT ADDED ENTRY--TOPICAL TERM |
| Topical term or geographic name entry element |
Immigrants |
| General subdivision |
Social conditions. |
| 650 #0 - SUBJECT ADDED ENTRY--TOPICAL TERM |
| Topical term or geographic name entry element |
Immigrants |
| General subdivision |
Civil rights. |
| 650 #0 - SUBJECT ADDED ENTRY--TOPICAL TERM |
| Topical term or geographic name entry element |
Transnationalism. |
| 700 1# - ADDED ENTRY--PERSONAL NAME |
| Personal name |
Steiner, Niklaus. |
| 700 1# - ADDED ENTRY--PERSONAL NAME |
| Personal name |
Mason, Robert, |
| Dates associated with a name |
1981- |
| 700 1# - ADDED ENTRY--PERSONAL NAME |
| Personal name |
Hayes, Anna, |
| Dates associated with a name |
1977- |
| 906 ## - LOCAL DATA ELEMENT F, LDF (RLIN) |
| a |
7 |
| b |
cbc |
| c |
orignew |
| d |
1 |
| e |
ecip |
| f |
20 |
| g |
y-gencatlg |
| 942 ## - ADDED ENTRY ELEMENTS (KOHA) |
| Source of classification or shelving scheme |
|
| Koha item type |
Book |